000 00701nam a2200217Ia 4500
003 IN-BaIIA
008 211028s9999 xx 000 0 eng d
040 _cIIA Library
080 _a083.8:52-77
_bVER
100 _aVeron-Cetty, M.-P
_913896
245 2 _aA catalogue of quasars and active nuclei
_cM.-P Veron-Cetty and P. Veron
250 _a7th ed.
260 _aGarching
_bEuropean Southern Observatory
_c1996
300 _a276p.
650 _aActive nuclei catalogue
_920457
650 _aCatalogue - Active nuclei
_920458
650 _aCatalogue - Quasars
_913897
650 _aQuasars catalogue
_920459
700 _aVeron, P.
_913898
942 _cBK
999 _c11790
_d11790